• 首页
  • 本馆介绍
  • 公告通知
  • 最新文献
  • 馆藏检索
  • 电子资源
  • 读者导购
  • 参考咨询
  • 我的图书馆
  • 登录
  • 详细信息显示
  • 放入我的书架
  • 预约/预借图书
  • 作者相关作品
  • 分类相关作品
  • 丛书相关作品
  • 出版社相关作品

书目信息

  • 表格格式
  • 工作单格式
  • 卡片格式
题名:
厕纸趣史
    
 
作者: 史密斯 著 ;丁剑 译
分册:  
出版信息: 南昌   江西教育出版社  2016.12
页数: 180页
开本: 21cm
丛书名: 非常文化丛书
单 册:
中图分类: TS761.6
科图分类:
主题词: 卫生纸--wei sheng zhi--普及读物
电子资源:
ISBN: 978-7-5392-9056-0
000 01208nam 2200301 450
001 CAL 0120172126348
005 20171211153555.23
010    @a978-7-5392-9056-0@b@dCNY25.00
100    @a20170222d2016 em y0chiy50 ea
101 1  @achi@ceng
102    @aCN@b360000
105    @aa z 000yy
106    @ar
200 1  @a厕纸趣史@Ace zhi qu shi@f(英) 理查德·史密斯著@d= Bum fodder an adsorbing history of toilet paper@fRichard Smyth@g丁剑译@zeng
210    @a南昌@c江西教育出版社@d2016.12
215    @a180页@c图@d21cm
225 2  @a非常文化丛书@Afei chang wen hua cong shu
314    @a理查德·史密斯, 作家, 漫画家。
330    @a《厕纸趣史》以轻松诙谐的语言向读者介绍了厕纸的起源和发展历史, 以及各国有关厕纸的奇闻趣事, 并以独特的视角审视了由厕纸这一与人们日常生活密不可分却又市场被我们忽略的重要事务所折射出的不同国家间的文化差异。
410  0 @12001 @a非常文化丛书
500 10 @aBum fodder an adsorbing history of toilet paper@mChinese
606 0  @a卫生纸@Awei sheng zhi@j普及读物
690    @aTS761.6@v5
701  1 @a史密斯@Ashi mi si@g(Smyth, Richard)@4著
702  0 @a丁剑@Ading jian@4译
801  0 @aCN@b人天书店@c20170222@g
905    @aBZT@dTS761.6@e1
906    @dCNY25.00@n3@r1
    
    厕纸趣史/(英) 理查德·史密斯著= Bum fodder an adsorbing history of toilet paper/Richard Smyth/丁剑译.-南昌:江西教育出版社,2016.12
    180页:图;21cm.-(非常文化丛书)
    
    
    ISBN 978-7-5392-9056-0:CNY25.00
    《厕纸趣史》以轻松诙谐的语言向读者介绍了厕纸的起源和发展历史, 以及各国有关厕纸的奇闻趣事, 并以独特的视角审视了由厕纸这一与人们日常生活密不可分却又市场被我们忽略的重要事务所折射出的不同国家间的文化差异。
●
相关链接 在五车中查询图书 在当当中查询图书 在豆瓣中查询图书


正题名:厕纸趣史     索取号:TS761.6/1         预约/预借

序号 登录号 条形码 馆藏地/架位号 状态 备注
1 836956   2000836956   第二书库/ [索取号:TS761.6/1] 在馆    
2 836957   2000836957   第二书库/ [索取号:TS761.6/1] 在馆    
3 836958   2000836958   第二书库/ [索取号:TS761.6/1] 在馆    
山东省滨州职业学院图书馆 欢迎您!
大连网信软件有限公司© 版权所有